| 000 | 01786nac a22003017a 4500 | ||
|---|---|---|---|
| 003 | Co-PeBPM | ||
| 005 | 20240326222658.0 | ||
| 007 | ta | ||
| 008 | 240326s1983 |||||||| |||| 00| 0 spa d | ||
| 020 | _a950150235X | ||
| 040 |
_aCo-PeBPM _bspa _cCo-PeBPM _erda |
||
| 041 | _aspa | ||
| 082 | 0 | 4 |
_222 _a813 A917c |
| 100 | 1 |
_aAuel, Jean M. _eautor |
|
| 245 | 1 | 0 |
_aEl Clan del Oso Cavernario _b: Los hijos de la Tierra 1 _c/ Jean M. Auel; traducción Leonor Tejada Conde Pelayo |
| 250 | _aPrimera edición | ||
| 260 |
_aBuenos Aires, Argentina _b: Javier Vergara Editor, _c1995 |
||
| 300 |
_a402 páginas _c23 centímetros |
||
| 500 | _aContiene datos biográficos de la autora en la solapa del texto | ||
| 520 | _aPrimera novela donde Ayla, una niña cromañón huérfana, vive aventuras que nos acercan a nuestros antepasados. En la última fase de la Era Glacial un terremoto deja a la pequeña Ayla, de cinco años, aislada de su tribu. Afortunadamente encuentra refugio entre los miembros del clan, un grupo de neandertales. Valiente e indomable, la joven infunde al principio sorpresa, luego cautela, hasta que, por fin, es aceptada. Sobre todo, por Iza, la curandera y Creb, el hechicero, que cuidan de ella. El futuro líder del clan, Broud, es el único que sigue mirándola con recelo, y hará todo lo posible para destruirla. Pero Ayla está protegida por el totém del León Cavernario, un espíritu fuerte que la escogió por ser una superviviente. | ||
| 546 | _aspa | ||
| 650 | 1 | 0 |
_2Lemb _aLiteratura estadounidense |
| 650 | 1 | 0 |
_2Lemb _aNovela histórica estadounidense |
| 700 |
_aTejada Conde Pelayo, Leonor _etraducción |
||
| 765 | _aTítulo original: The Clan of the cave bear | ||
| 942 |
_2ddc _cBK _n0 |
||
| 999 |
_c26687 _d26687 |
||